| Tag |
First Indicator |
Second Indicator |
Subfields |
| LEADER |
00000cam a2200000 a 4500 |
| 001 |
in00000935521 |
| 005 |
20150925122640.0 |
| 008 |
870415s1987 mau 00111 eng |
| 010 |
|
|
|a 87008782
|
| 019 |
|
|
|a 17150250
|
| 020 |
|
|
|a 0879237007 :
|c $24.95
|
| 035 |
|
|
|a (OCoLC)15630948
|
| 035 |
|
|
|9 AES0797AM
|
| 040 |
|
|
|a DLC
|c DLC
|d TXA
|d UtOrBLW
|
| 041 |
1 |
|
|a eng
|a fre
|
| 049 |
|
|
|a TXAM
|
| 050 |
0 |
0 |
|a PQ2676.E67
|b V513 1987
|
| 082 |
0 |
|
|a 843/.914
|2 19
|
| 100 |
1 |
|
|a Perec, Georges,
|d 1936-1982.
|
| 240 |
1 |
0 |
|a Vie mode d'emploi.
|l English
|
| 245 |
1 |
0 |
|a Life, a user's manual /
|c Georges Perec ; translated by David Bellos.
|
| 264 |
|
1 |
|a Boston :
|b D.R. Godine,
|c 1987.
|
| 300 |
|
|
|a 581 pages ;
|c 25 cm.
|
| 336 |
|
|
|a text
|b txt
|2 rdacontent
|
| 337 |
|
|
|a unmediated
|b n
|2 rdamedia
|
| 338 |
|
|
|a volume
|b nc
|2 rdacarrier
|
| 500 |
|
|
|a Translation of: La vie, mode d'emploi.
|
| 500 |
|
|
|a Includes index.
|
| 999 |
|
|
|a MARS
|
| 999 |
f |
f |
|s 32e8a25e-1db4-352d-8b57-c96fee62cee7
|i c535c610-0071-3081-a8f4-06fb34cd8f7b
|t 0
|
| 952 |
f |
f |
|p normal
|a Texas A&M University
|b College Station
|c Sterling C. Evans Library
|s Evans stk
|d Evans: Library Stacks
|t 0
|e PQ2676.E67 V513 1987
|h Library of Congress classification
|i unmediated -- volume
|m A14813942030
|
| 998 |
f |
f |
|a PQ2676.E67 V513 1987
|t 0
|l Evans: Library Stacks
|